Kajian separuh penggal rancangan Malaysia kesembilan 2006-2010.
| Format: | Book |
|---|---|
| Published: |
Putrajaya:
Economic Planning Unit, Prime Minister's Department,
2007.
|
| LEADER | 00320cam a2200085 7i4500 | ||
|---|---|---|---|
| 001 | 0000021479 | ||
| 005 | 20080808090000.0 | ||
| 245 | 0 | 0 | |a Kajian separuh penggal rancangan Malaysia kesembilan 2006-2010. |
| 260 | 0 | 0 | |a Putrajaya: |b Economic Planning Unit, Prime Minister's Department, |c 2007. |
| 999 | |a 0000022677 |b Book |c Malaysia |e Business Information Centre | ||